000 00317nam a2200121Ia 4500
008 220120s9999||||xx |||||||||||||| ||und||
082 _a621.382 2 DEE
100 _aDeepika, S
_911735
245 0 _aSignals and systems
260 _aSubhas Publications
_bNew Delhi
_c2003
300 _a415p.
_b175
650 _aMANAGEMENT
999 _c136994
_d136994